00462nam a22001337a 4500003000500000038001800005082000800023100002000031245013200051264003500183650002100218700003200239856005700271NUST aNusrat Nadeem a200 aWusqa, Urwa Tul aDetection of freezing of gait in Parkinson’s disease using attention mechanism and wearable inertial sensor/cUrwa Tul Waqas, aIslamabad,bSEECS NUST.c2025. aMS-Data Science  aSupervisor: Dr. Qaiser Riaz uhttp://10.250.8.41:8080/xmlui/handle/123456789/54132